La Grèce Antique (choix multiples) - Statistiques

Statistiques générales
  • Ce quiz a été pris 29 fois
  • Le résultat moyen est 5 sur 9
Statistiques - réponses
Question Réponse % Correct
Que signifie "l'ataraxie" ? L'absence de troubles, le bonheur
75%
Que veut dire le terme "hubris" ? La démesure
71%
Comment appelle t-on les statues archaïques représentant un jeune homme nu ? Kouros
61%
De quelles couleurs sont la plupart des céramiques grecques après l'an 525 av JC ? Figures rouges sur fond noir
57%
Qu'est-ce qui caractérise l'art classique ? La mesure et la symétrie
54%
Quelle sculpture n'est pas attribuée à Praxitèle ? Le Diadumène
46%
L'art archaïque a des influences : Orientales
46%
Quelle type de colonne a le fût le plus épais ? Dorique
29%
Grâce à quoi peut-on reconnaître qu'une céramique grecque est très ancienne ? Un œil égyptien
21%
Aucun quiz correspondant
Distribution des résultats
% des personnes avec chaque résultat
Percentile par nombre de réponses
Votre historique - résultats
Vous n’avez pas pris ce quiz